000 00400cam a22001337a 4500
008 180718b1970 xxu||||| |||| 00| 0 eng d
082 _aF5x54 G346
100 _aGhosh, Ramesh Chandra
245 _aIndin and the world
_cby Ramesh Chandra Ghosh
260 _aCalcutta
_bWorld Press
_c1970
300 _a177p.
650 _aIndia --Politics and government --1947-
650 _aWorld politics --1945-1989
999 _c366312
_d366312